Neotropical wildlife use and conservation (Registro nro. 4259)

Detalles MARC
000 -CABECERA
Campo de control 00972cam a2200253 a 4500
005 - FECHA Y HORA DE LA ULTIMA TRANSACCION
Campo de control 20160830102834.0
008 - ELEMENTOS DE LONGITUD FIJA—INFORMACION GENERAL
Campo de control 960422t1991 -usaco r 0 eng d
020 ## - ISBN
ISBN 0226722597
040 ## - FUENTE DE CATALOGACIÓN
Agencia catalogadora original CO-BoPUJ
Agencia transcriptora CO-BoIAVH
Agencia Modificadora CO-BoIAVH
041 0# - IDIOMA
Código de idioma para texto/pista de sonido o título separado Inglés
044 ## - PAÍS DE PUBLICACIÓN
País de publicación Estados Unidos
082 04 - NUMERO DE CLASIFICACION DECIMAL DEWEY
Número de clasificación 639.9
Número del ítem N43w
245 00 - MENCION DE TITULO
Título Neotropical wildlife use and conservation
Mención de responsabilidad editado por John G. Robinson y Kent H. Redford
260 ## - PUBLICACION, DISTRIBUCION, ETC. (PIE DE IMPRENTA)
Lugar de publicación, distribución, etc. Chicago :
Nombre del editor, distribuidor, etc. The University of Chicago,
Fecha de publicación, distribución, etc. 1991.
300 ## - DESCRIPCION FISICA
Extensión xvii, 520 páginas :
Otros detalles físicos ilustraciones, gráficas y tablas ;
Dimensiones 23 x 15 cm.
504 ## - NOTA DE BIBLIOGRAFIA, ETC.
Nota de bibliografía Incluye referencias bibliográficas: 449-490 e índice.
650 26 - ASIENTO SECUNDARIO DE MATERIA - TERMINO TEMATICO
Término temático o nombre geográfico como elemento de entrada Caza
Subdivisión geográfica América Latina
9 (RLIN) 75653
650 26 - ASIENTO SECUNDARIO DE MATERIA - TERMINO TEMATICO
Término temático o nombre geográfico como elemento de entrada Conservación de la naturaleza
Subdivisión geográfica América Latina
9 (RLIN) 75654
650 26 - ASIENTO SECUNDARIO DE MATERIA - TERMINO TEMATICO
Término temático o nombre geográfico como elemento de entrada Fauna
Subdivisión general Comercio
Subdivisión geográfica América Latina
9 (RLIN) 75655
650 24 - ASIENTO SECUNDARIO DE MATERIA - TERMINO TEMATICO
Término temático o nombre geográfico como elemento de entrada Comercio de animales salvajes
Subdivisión geográfica América Latina
9 (RLIN) 75656
700 1# - ASIENTO SECUNDARIO - NOMBRE PERSONAL
Nombre personal Robinson, John G.
Término de relación editor
9 (RLIN) 13668
700 1# - ASIENTO SECUNDARIO - NOMBRE PERSONAL
Nombre personal Redford, Kent H.
Término de relación editor
9 (RLIN) 12222
942 ## - ELEMENTOS ADICIONALES (KOHA)
Sistema de clasificación Dewey Decimal Classification
Tipo de ítem Libro
Existencias
Withdrawn status Lost status Sistema de Clasificación Damaged status No para préstamo Colección Inventariado Ubicación Permanente Ubicación actual Fecha de adquisición Fuente de Valor Valor Total Checkouts Número topográfico Inventario / Código de Barras Date last seen Ejemplar Price effective from Forma de adquisición Tipo de material
    Dewey Decimal Classification     General Inventariado 2017 Sala Fabio Quevedo Sala Fabio Quevedo 18/01/2005 Amazon 15000.00   LB-639.9 N43w 017036 04/12/2012 Ej. 1 04/12/2012 Donación Libro